[Event "Montevideo Duchamp Cup 7th"]
[Site "Montevideo"]
[Date "2024.02.07"]
[Round "7"]
[White "Belsito, Ivan"]
[Black "Perez Selios, Luis"]
[Result "0-1"]
[WhiteElo "1471"]
[BlackElo "1698"]
[PlyCount "82"]
[EventDate "2024.02.01"]
[EventType "swiss"]
[EventRounds "9"]
[EventCountry "URU"]
[SourceTitle "CB07_2024"]
[SourceDate "2024.02.14"]
[SourceVersion "1"]
[SourceVersionDate "2024.02.14"]
[SourceQuality "1"]

1. e4 e6 2. b3 c5 3. Bb2 Nc6 4. Bb5 Qc7 5. Bxc6 Qxc6 6. d3 d5 7. Nd2 Nf6 8. exd5 Qxd5 9. Ngf3 Be7 10. 0-0 0-0 11. Re1 b5 12. Ne4 Bb7 13. Nxf6+ Bxf6 14. Bxf6 gxf6 15. Qd2 Qh5 16. Qf4 Bxf3 17. Qxf3 Qxf3 18. gxf3 Rfd8 19. a4 a6 20. Kf1 b4 21. Ke2 Rd5 22. Rg1+ Kf8 23. Rg4 Rh5 24. Rag1 Ke7 25. h4 Rd8 26. Rc4 a5 27. Ke3 Kf8 28. Rgg4 Rdd5 29. d4 cxd4+ 30. Rgxd4 Rhe5+ 31. Re4 Rc5 32. Rxe5 Rxe5+ 33. Kd2 Kg7 34. c3 bxc3+ 35. Rxc3 Kg6 36. Re3 Kf5 37. Rxe5+ Kxe5 38. Ke3 Kd5 39. Kd3 Kc5 40. Kc3 h5 41. f4 f5 0-1

[Event "Montevideo Duchamp Cup 7th"]
[Site "Montevideo"]
[Date "2024.02.05"]
[Round "5"]
[White "Diaz Delograsi, Francisco"]
[Black "Perez Selios, Luis"]
[Result "1-0"]
[WhiteElo "1502"]
[BlackElo "1698"]
[PlyCount "47"]
[EventDate "2024.02.01"]
[EventType "swiss"]
[EventRounds "9"]
[EventCountry "URU"]
[SourceTitle "CB07_2024"]
[SourceDate "2024.02.14"]
[SourceVersion "1"]
[SourceVersionDate "2024.02.14"]
[SourceQuality "1"]

1. e4 e6 2. d4 d5 3. Nd2 h6 4. Ngf3 Nf6 5. Bd3 c5 6. exd5 Nxd5 7. dxc5 Bxc5 8. Ne4 Bb6 9. Bd2 Nc6 10. Qe2 Bd7 11. c3 Qc7 12. Bc4 Nce7 13. Rd1 Nf4 14. Bxf4 Qxf4 15. Nd6+ Kf8 16. Nxf7 Kxf7 17. Rxd7 Qf6 18. Ne5+ Ke8 19. 0-0 Nc6 20. Ng4 Qg6 21. Bd3 Qg5 22. Qxe6+ Ne7 23. Bg6+ Kf8 24. Qf7# 1-0

[Event "Montevideo Duchamp Cup 7th"]
[Site "Montevideo"]
[Date "2024.02.03"]
[Round "3"]
[White "Avedisian, Alexander"]
[Black "Perez Selios, Luis"]
[Result "1-0"]
[WhiteElo "1866"]
[BlackElo "1698"]
[PlyCount "46"]
[EventDate "2024.02.01"]
[EventType "swiss"]
[EventRounds "9"]
[EventCountry "URU"]
[SourceTitle "CB07_2024"]
[SourceDate "2024.02.14"]
[SourceVersion "1"]
[SourceVersionDate "2024.02.14"]
[SourceQuality "1"]

1. Nf3 d5 2. g3 Nc6 3. c4 d4 4. d3 e5 5. Bg2 Bf5 6. 0-0 Qd7 7. a3 a5 8. Qb3 Nf6 9. Nh4 Nd8 10. Nxf5 Qxf5 11. f4 e4 12. dxe4 Nxe4 13. Qd3 Nd6 14. Qxd4 Ne6 15. Qd5 Qc2 16. Nc3 Be7 17. c5 c6 18. Qa2 Nf5 19. Be4 Bxc5+ 20. Kh1 Nfd4 21. Bxc2 Nxc2 22. Rb1 h5 23. Ne4 Bb6 1-0

[Event "URU-chT3"]
[Site "Montevideo"]
[Date "2023.07.23"]
[Round "4.1"]
[White "Espel, Luis"]
[Black "Perez Selios, Luis"]
[Result "0-1"]
[WhiteElo "1842"]
[BlackElo "1720"]
[PlyCount "86"]
[EventDate "2023.07.21"]
[EventType "swiss"]
[EventRounds "5"]
[EventCountry "URU"]
[SourceTitle "EXT 2024"]
[Source "ChessBase"]
[SourceDate "2023.10.10"]
[SourceVersion "1"]
[SourceVersionDate "2023.10.10"]
[SourceQuality "1"]
[WhiteTeam "Mijail Tal II"]
[BlackTeam "Trebejos Cinco Vejos"]
[WhiteTeamCountry "URU"]
[BlackTeamCountry "URU"]

1. c4 e5 2. Nc3 Nf6 3. g3 c6 4. Bg2 d5 5. cxd5 cxd5 6. Qb3 Nc6 7. Nxd5 Nd4 8. Nxf6+ Qxf6 9. Qd1 Bf5 10. d3 Rc8 11. Rb1 Nc2+ 12. Kf1 Bc5 13. Nf3 Nd4 14. Nxd4 Bxd4 15. e3 Qa6 16. Ra1 Bxd3+ 17. Kg1 Bb6 18. h3 0-0 19. Bxb7 Qxb7 20. Qxd3 Rfd8 21. Qe2 Qe4 22. Qg4 Qc2 23. Kg2 f5 24. Qf3 Kh8 25. Re1 Rc7 26. Qe2 Qc6+ 27. Kh2 Ba5 28. Rd1 Rxd1 29. Qxd1 Rd7 30. Qe2 Qe4 31. a3 f4 32. b4 Bb6 33. Ra2 f3 34. Qc2 Qd5 35. Rb2 e4 36. Qd2 Qb5 37. Qe1 h5 38. Rd2 h4 39. Rxd7 Qxd7 40. Qd2 Qb5 41. Kg1 Bc7 42. Bb2 hxg3 43. Qd4 gxf2+ 0-1

[Event "Las Canas op"]
[Site "Las Canas"]
[Date "2023.02.19"]
[Round "4"]
[White "Perez Selios, Luis"]
[Black "Lima Abadal, Nicolas"]
[Result "1/2-1/2"]
[WhiteElo "1701"]
[BlackElo "1615"]
[PlyCount "80"]
[EventDate "2023.02.18"]
[EventType "swiss"]
[EventRounds "5"]
[EventCountry "URU"]
[SourceTitle "CBM 213 Extra"]
[Source "ChessBase"]
[SourceDate "2023.05.31"]
[SourceVersion "1"]
[SourceVersionDate "2023.05.31"]
[SourceQuality "1"]

1. e4 c5 2. d4 cxd4 3. c3 Nc6 4. cxd4 d6 5. Nc3 Nf6 6. Bb5 a6 7. Ba4 b5 8. Bc2 e6 9. Nf3 Be7 10. 0-0 Bb7 11. Qe2 e5 12. dxe5 Nxe5 13. Rd1 Qc7 14. Bg5 Rc8 15. Rac1 0-0 16. Nd4 h6 17. Bh4 b4 18. Na4 Rfd8 19. Nf5 Bf8 20. Bxf6 gxf6 21. Bb3 Qxc1 22. Rxc1 Rxc1+ 23. Bd1 Bxe4 24. Ne3 Rdc8 25. Nb6 R8c5 26. f4 Ng6 27. Nd7 Nxf4 28. Qd2 Be7 29. Nxc5 Rxc5 30. Bc2 d5 31. Bxe4 dxe4 32. b3 Rc1+ 33. Kf2 Nd3+ 34. Kg3 Bd6+ 35. Kh4 Rc5 36. g3 Rg5 37. Kh3 Bf4 38. gxf4 Nxf4+ 39. Kh4 Ng6+ 40. Kh3 Nf4+ 1/2-1/2

[Event "Montevideo Trebejos Primavera op"]
[Site "Montevideo"]
[Date "2022.11.07"]
[Round "4"]
[White "Perez Selios, Luis"]
[Black "Moreno, Diego"]
[Result "0-1"]
[WhiteElo "1688"]
[BlackElo "1804"]
[PlyCount "94"]
[EventDate "2022.10.17"]
[EventType "swiss"]
[EventRounds "6"]
[EventCountry "URU"]
[SourceTitle "EXT 2024"]
[Source "ChessBase"]
[SourceDate "2023.10.10"]
[SourceVersion "1"]
[SourceVersionDate "2023.10.10"]
[SourceQuality "1"]

1. e4 e5 2. Nf3 d6 3. Nc3 Nf6 4. Be2 Be7 5. d4 exd4 6. Nxd4 0-0 7. 0-0 c5 8. Nb3 Nc6 9. h3 a6 10. a4 Nb4 11. Bg5 Be6 12. Bf3 h6 13. Bh4 g5 14. Bg3 d5 15. e5 Ne8 16. Qe2 c4 17. Nd4 Qb6 18. Rfd1 Bc5 19. a5 Qa7 20. Nxe6 fxe6 21. Na4 Ng7 22. Nxc5 Qxc5 23. Kh1 Nf5 24. Bh2 Nc6 25. c3 Rae8 26. Bh5 Re7 27. Bg1 Nxa5 28. f4 Ng3+ 29. Kh2 Qxg1+ 30. Kxg1 Nxe2+ 31. Bxe2 Nb3 32. Rab1 Rxf4 33. Bg4 Nc5 34. Rf1 Ref7 35. Rfe1 Kg7 36. Re2 Kg6 37. Rd1 h5 38. g3 Re4 39. Rxe4 dxe4 40. Be2 Nd3 41. g4 h4 42. b3 cxb3 43. Bxd3 exd3 44. Rxd3 b2 45. Rd1 Rd7 46. Rb1 Rd2 47. c4 Rc2 0-1

[Event "Montevideo Trebejos 50 Anniv op"]
[Site "Montevideo"]
[Date "2022.09.19"]
[Round "3"]
[White "Perez Selios, Luis"]
[Black "Curi, Gabriel"]
[Result "0-1"]
[WhiteElo "1637"]
[BlackElo "2136"]
[PlyCount "94"]
[EventDate "2022.09.17"]
[EventType "swiss"]
[EventRounds "9"]
[EventCountry "URU"]
[SourceTitle "EXT 2023"]
[Source "ChessBase"]
[SourceDate "2022.10.05"]
[SourceVersion "1"]
[SourceVersionDate "2022.10.05"]
[SourceQuality "1"]

1. c4 c6 2. g3 d5 3. cxd5 cxd5 4. Bg2 Nf6 5. e3 Nc6 6. d4 Bg4 7. Qb3 Qd7 8. Nc3 e6 9. Nf3 Bd6 10. Bd2 0-0 11. Nb5 Be7 12. 0-0 Ne4 13. Bc3 a6 14. Na3 b5 15. Nc2 b4 16. Be1 Ra7 17. Ne5 Nxe5 18. dxe5 Be2 19. Nd4 Bxf1 20. Bxf1 a5 21. Qd1 Rc7 22. f3 Nc5 23. h4 Rfc8 24. Nb5 Rb7 25. Nd4 Qd8 26. b3 Ra8 27. Rc1 Rc8 28. Qc2 Rbb8 29. Qb1 Qe8 30. Bh3 Bf8 31. f4 g6 32. h5 Ne4 33. hxg6 hxg6 34. g4 Bg7 35. Qb2 Rxc1 36. Qxc1 Rc8 37. Qd1 Qd8 38. Kf1 Qc7 39. g5 Qc1 40. Qxc1 Rxc1 41. Ke2 Nc5 42. Nc6 Rc2+ 43. Kf3 Rxa2 44. Bg4 Bf8 45. Nd4 Rb2 46. Bf2 Be7 47. Nc6 Kf8 0-1

[Event "Montevideo Trebejos 50 Anniv op"]
[Site "Montevideo"]
[Date "2022.09.17"]
[Round "1"]
[White "Perez Selios, Luis"]
[Black "Coppola, Claudio"]
[Result "1-0"]
[WhiteElo "1637"]
[BlackElo "2309"]
[PlyCount "69"]
[EventDate "2022.09.17"]
[EventType "swiss"]
[EventRounds "9"]
[EventCountry "URU"]
[SourceTitle "EXT 2023"]
[Source "ChessBase"]
[SourceDate "2022.10.05"]
[SourceVersion "1"]
[SourceVersionDate "2022.10.05"]
[SourceQuality "1"]

1. c4 b6 2. Nc3 Bb7 3. e4 e6 4. Nf3 Bb4 5. Qc2 Bxc3 6. dxc3 d6 7. Bg5 Nf6 8. Bd3 Nbd7 9. 0-0-0 h6 10. Bh4 e5 11. Nd2 Nc5 12. f3 g5 13. Bf2 Qd7 14. Nf1 g4 15. Bh4 Nh5 16. Ne3 Nxd3+ 17. Rxd3 gxf3 18. gxf3 Qh3 19. Nf5 Nf4 20. Qa4+ c6 21. Rxd6 Qxf3 22. Rhd1 Ne2+ 23. Kb1 Qxe4+ 24. Ka1 0-0 25. Nxh6+ Kh7 26. Bg5 f6 27. Bxf6 Kxh6 28. Be7+ Kh5 29. Bxf8 Rxf8 30. Qxa7 Nd4 31. cxd4 Qc2 32. dxe5 Rf2 33. Qxb6 Ba6 34. Qb3 Qf5 35. Rf6 1-0

[Event "Montevideo Miercoles Trebejos 2nd"]
[Site "Montevideo"]
[Date "2022.08.10"]
[Round "4"]
[White "Mazzeo, Jose"]
[Black "Perez Selios, Luis"]
[Result "0-1"]
[WhiteElo "1388"]
[BlackElo "1633"]
[PlyCount "58"]
[EventDate "2022.07.20"]
[EventType "swiss"]
[EventRounds "6"]
[EventCountry "URU"]
[SourceTitle "EXT 2024"]
[Source "ChessBase"]
[SourceDate "2023.10.10"]
[SourceVersion "1"]
[SourceVersionDate "2023.10.10"]
[SourceQuality "1"]

1. d4 Nf6 2. Bf4 d5 3. e3 Nbd7 4. Bd3 c6 5. Nf3 e6 6. Nbd2 Be7 7. c3 Nh5 8. Bg3 Nxg3 9. hxg3 g6 10. Ne5 Qb6 11. Qc2 Nxe5 12. dxe5 Bd7 13. Nf3 c5 14. a4 Bc6 15. a5 Qc7 16. 0-0 0-0 17. Be2 Rfd8 18. Rfd1 Rac8 19. Qb3 Bf8 20. Bb5 Bg7 21. Bxc6 bxc6 22. Qa3 c4 23. Qc5 Rb8 24. Nd4 Rdc8 25. f4 Bf8 26. Qxc6 Qxc6 27. Nxc6 Rxc6 28. Rdb1 Ra6 29. Kf2 Rb5 0-1

[Event "Rio Negro Litoral op"]
[Site "Rio Negro"]
[Date "2022.08.06"]
[Round "2"]
[White "Zalisnak, Jacobo"]
[Black "Perez Selios, Luis"]
[Result "1-0"]
[WhiteElo "2086"]
[BlackElo "1629"]
[PlyCount "69"]
[EventDate "2022.08.06"]
[EventType "swiss"]
[EventRounds "5"]
[EventCountry "URU"]
[SourceTitle "EXT 2023"]
[Source "ChessBase"]
[SourceDate "2022.10.05"]
[SourceVersion "1"]
[SourceVersionDate "2022.10.05"]
[SourceQuality "1"]

1. b3 c5 2. Bb2 Nc6 3. f4 Nf6 4. e3 d6 5. Nf3 Qc7 6. Bb5 a6 7. Bxc6+ bxc6 8. 0-0 g6 9. Nc3 Bg7 10. Ne4 0-0 11. Nxf6+ Bxf6 12. Bxf6 exf6 13. Qe1 Bf5 14. Rc1 Rfe8 15. Nh4 Qd7 16. Qe2 a5 17. a4 Re7 18. Nxf5 Qxf5 19. Qc4 Qd5 20. Qc3 Qf5 21. Rce1 Kg7 22. d3 h5 23. e4 Qd7 24. e5 fxe5 25. fxe5 Kg8 26. Rf6 dxe5 27. Qxc5 Rae8 28. Rd6 Qg4 29. Qxa5 e4 30. dxe4 Rxe4 31. Rxe4 Qxe4 32. Qd2 c5 33. Rd8 Kf8 34. h3 Ke7 35. Qd6# 1-0

[Event "Montevideo Trebejos op 05"]
[Site "Montevideo"]
[Date "2022.05.27"]
[Round "5"]
[White "Perez Selios, Luis"]
[Black "Ressia, Lorenzo"]
[Result "1-0"]
[WhiteElo "1606"]
[BlackElo "1648"]
[PlyCount "145"]
[EventDate "2022.05.13"]
[EventType "swiss"]
[EventRounds "6"]
[EventCountry "URU"]
[SourceTitle "EXT 2024"]
[Source "ChessBase"]
[SourceDate "2023.10.10"]
[SourceVersion "1"]
[SourceVersionDate "2023.10.10"]
[SourceQuality "1"]

1. e4 c6 2. d4 d5 3. exd5 cxd5 4. Bd3 Nc6 5. c3 Nf6 6. Bf4 Bg4 7. Qc2 e6 8. Nd2 Bd6 9. Bxd6 Qxd6 10. Ngf3 0-0 11. 0-0 Rfc8 12. Qa4 a6 13. Rae1 b5 14. Qb3 b4 15. Ne5 bxc3 16. bxc3 Bh5 17. Qa4 Ng4 18. f4 f6 19. Nxg4 Bxg4 20. Nb3 e5 21. dxe5 fxe5 22. fxe5 Nxe5 23. Bb1 Rf8 24. Qd4 Rxf1+ 25. Kxf1 Qf6+ 26. Kg1 Rf8 27. Qxd5+ Be6 28. Qd4 Bc4 29. Nd2 Rd8 30. Ne4 Qh4 31. Qf2 Qxf2+ 32. Nxf2 Rb8 33. h3 Re8 34. Re4 Rb8 35. Bc2 Rb2 36. Bb3 Bxb3 37. axb3 Rb1+ 38. Kh2 Ng6 39. Rb4 Kf7 40. Kg3 Ne5 41. Ne4 Re1 42. Ng5+ Kg6 43. Nf3 Re3 44. Kf4 Rxf3+ 45. gxf3 Nd3+ 46. Ke4 Nxb4 47. cxb4 Kh5 48. Kd5 Kh4 49. Kc6 Kxh3 50. Kb6 Kg2 51. Kxa6 h5 52. b5 h4 53. b6 h3 54. b7 h2 55. b8Q h1Q 56. b4 Qf1+ 57. Ka5 Qe1 58. f4 Qa1+ 59. Kb6 Qf6+ 60. Ka7 Qe7+ 61. Ka8 Kg3 62. b5 Qe4+ 63. Qb7 Qa4+ 64. Qa6 Qxf4 65. b6 Qf8+ 66. Ka7 Qc5 67. Qd3+ Kf4 68. Qd8 g5 69. Qc7+ Qe5 70. Qxe5+ Kxe5 71. b7 g4 72. b8Q+ Ke4 73. Qg3 1-0

[Event "Colonia del Sacramento op 3rd"]
[Site "Colonia del Sacramento"]
[Date "2022.05.22"]
[Round "?"]
[White "Bossi, Hugo"]
[Black "Perez Selios, Luis"]
[Result "0-1"]
[WhiteElo "1348"]
[BlackElo "1606"]
[PlyCount "46"]
[EventDate "2022.05.20"]
[EventType "swiss"]
[EventRounds "5"]
[EventCountry "URU"]
[SourceTitle "CBM 208 Extra"]
[Source "ChessBase"]
[SourceDate "2022.07.31"]
[SourceVersion "1"]
[SourceVersionDate "2022.07.31"]
[SourceQuality "1"]

1. d4 Nf6 2. e3 d5 3. Bd3 g6 4. f4 Bg7 5. Nf3 Nbd7 6. 0-0 h5 7. Qe2 a6 8. Nbd2 c5 9. c3 b6 10. Ne5 Bb7 11. b4 c4 12. Bc2 Ne4 13. Nxe4 dxe4 14. Bb2 b5 15. a4 Nf6 16. a5 Qd6 17. Qf2 0-0-0 18. Qg3 h4 19. Qh3+ Kb8 20. Bd1 Qe6 21. Be2 Qxh3 22. gxh3 Rd5 23. Nxf7 Re8 0-1

[Event "Colonia del Sacramento op 3rd"]
[Site "Colonia del Sacramento"]
[Date "2022.05.21"]
[Round "?"]
[White "Lopez, Aldi"]
[Black "Perez Selios, Luis"]
[Result "1-0"]
[WhiteElo "2031"]
[BlackElo "1606"]
[PlyCount "43"]
[EventDate "2022.05.20"]
[EventType "swiss"]
[EventRounds "5"]
[EventCountry "URU"]
[SourceTitle "CBM 208 Extra"]
[Source "ChessBase"]
[SourceDate "2022.07.31"]
[SourceVersion "1"]
[SourceVersionDate "2022.07.31"]
[SourceQuality "1"]

1. e4 c5 2. Nf3 e6 3. d4 cxd4 4. Nxd4 a6 5. Bd3 Nc6 6. Nxc6 bxc6 7. 0-0 d5 8. exd5 cxd5 9. Nc3 Nf6 10. Bg5 Rb8 11. Re1 Be7 12. Qf3 0-0 13. Qg3 Bd6 14. Bxf6 Bxg3 15. Bxd8 Bxf2+ 16. Kxf2 Rxd8 17. Rab1 Rb6 18. b4 f6 19. b5 a5 20. Na4 Rbd6 21. b6 Bb7 22. Nc5 1-0

[Event "Montevideo Trebejos op 05"]
[Site "Montevideo"]
[Date "2022.05.13"]
[Round "1"]
[White "Lopez Falcon, Jorge"]
[Black "Perez Selios, Luis"]
[Result "1-0"]
[WhiteElo "2086"]
[BlackElo "1606"]
[PlyCount "69"]
[EventDate "2022.05.13"]
[EventType "swiss"]
[EventRounds "6"]
[EventCountry "URU"]
[SourceTitle "EXT 2024"]
[Source "ChessBase"]
[SourceDate "2023.10.10"]
[SourceVersion "1"]
[SourceVersionDate "2023.10.10"]
[SourceQuality "1"]

1. d4 d5 2. Nf3 Nf6 3. Bf4 e6 4. e3 Be7 5. Bd3 b6 6. c3 0-0 7. Ne5 Ba6 8. Nc6 Qe8 9. Nxe7+ Qxe7 10. Bc2 Nbd7 11. Bxc7 e5 12. dxe5 Nxe5 13. Bxe5 Qxe5 14. Qd4 Qg5 15. g3 Rfe8 16. Nd2 Qh5 17. Bd3 Bxd3 18. Qxd3 Rad8 19. Qe2 Qh6 20. 0-0 Re6 21. Qf3 Ne4 22. Rad1 Ng5 23. Qg2 Rf6 24. h4 Ne6 25. Nf3 Qh5 26. Nd4 g5 27. Nxe6 fxe6 28. hxg5 Qxg5 29. c4 Rg6 30. cxd5 exd5 31. Rd4 h5 32. Rfd1 Rgd6 33. Qf3 Rf8 34. Rxd5 Rxf3 35. Rxg5+ 1-0

[Event "Montevideo Trebejos op 11"]
[Site "Montevideo"]
[Date "2021.11.15"]
[Round "1"]
[White "Perez Selios, Luis"]
[Black "Kulik, Nicolas"]
[Result "1-0"]
[WhiteElo "1278"]
[BlackElo "1767"]
[PlyCount "87"]
[EventDate "2021.11.15"]
[EventType "swiss"]
[EventRounds "6"]
[EventCountry "URU"]
[SourceTitle "EXT 2023"]
[Source "ChessBase"]
[SourceDate "2022.10.05"]
[SourceVersion "1"]
[SourceVersionDate "2022.10.05"]
[SourceQuality "1"]

1. d4 d5 2. Bf4 Nf6 3. e3 c5 4. c3 Nc6 5. Nd2 Bf5 6. Ngf3 e6 7. Bb5 Qb6 8. Qa4 Rc8 9. Ne5 a6 10. Bxc6+ bxc6 11. 0-0 Bd6 12. dxc5 Bxc5 13. Nb3 Bd6 14. Nd4 Bxe5 15. Nxf5 Bxf4 16. Nxg7+ Ke7 17. Qxf4 Qb8 18. Qh4 Qe5 19. f4 Qxe3+ 20. Kh1 Qe4 21. Nh5 Qg6 22. Nxf6 Qxf6 23. Qf2 c5 24. Qe2 Rc6 25. Rae1 Kd7 26. f5 Re8 27. Qf3 Qxf5 28. Qg3 Qg6 29. Qe5 Rg8 30. g3 Qg7 31. Rf6 Ke7 32. Ref1 Rf8 33. Rxe6+ Rxe6 34. Qxg7 Re4 35. Qxh7 c4 36. Qf5 Kd6 37. h4 Re5 38. Qf6+ Re6 39. Qd4 Rfe8 40. Rf6 Rxf6 41. Qxf6+ Re6 42. Qxf7 Re1+ 43. Kg2 Rf1 44. Kxf1 1-0

[Event "Montevideo Trebejos op 03"]
[Site "Montevideo"]
[Date "2021.03.15"]
[Round "4"]
[White "Perez Selios, Luis"]
[Black "Bon, Charles"]
[Result "1/2-1/2"]
[WhiteElo "1173"]
[BlackElo "1614"]
[PlyCount "122"]
[EventDate "2021.03.08"]
[EventType "swiss"]
[EventRounds "6"]
[EventCountry "URU"]
[SourceTitle "EXT 2022"]
[Source "ChessBase"]
[SourceDate "2021.10.06"]
[SourceVersion "1"]
[SourceVersionDate "2021.10.06"]
[SourceQuality "1"]

1. e4 c5 2. g3 Nc6 3. Bg2 e6 4. f4 d5 5. c3 dxe4 6. Bxe4 Nf6 7. Bg2 Be7 8. d3 Qc7 9. Nf3 b6 10. 0-0 Bb7 11. Qe2 Rd8 12. Na3 Ba6 13. Nc4 0-0 14. Be3 Ng4 15. h3 Nxe3 16. Qxe3 Bxc4 17. dxc4 Rd7 18. Rae1 Rfd8 19. Qe4 Rd3 20. g4 h6 21. Rf2 Rd1 22. Rfe2 Bf6 23. h4 Rxe1+ 24. Rxe1 Qd6 25. g5 hxg5 26. hxg5 Be7 27. g6 fxg6 28. Qxe6+ Qxe6 29. Rxe6 Rd6 30. Rxd6 Bxd6 31. Nh4 Ne7 32. Be4 Kf7 33. Ng2 Nf5 34. Kf2 Kf6 35. Kf3 g5 36. Bxf5 Kxf5 37. Ne3+ Kg6 38. f5+ Kh5 39. Ng4 Bf4 40. f6 gxf6 41. Nxf6+ Kh4 42. Kg2 Bc1 43. b3 Bd2 44. Ne4 Bf4 45. a4 Kg4 46. b4 Kf5 47. Nf2 Bd2 48. bxc5 bxc5 49. Nd3 Bxc3 50. Nxc5 Ke5 51. Nb3 Bb4 52. Kf3 Kf5 53. Nd4+ Kg6 54. Ke4 Kh5 55. Kf3 Kh4 56. Kg2 g4 57. Nb3 Kg5 58. c5 Kf5 59. Nd4+ Ke4 60. c6 Bd6 61. Nb5 Kd5 1/2-1/2